LIBRARY & INFORMATION CENTRE, KCAET, TAVANUR

ONLINE PUBLIC ACCESS CATALOGUE (OPAC)

ASSESMENT OF CHANNEL MIGRATION CHARACTERISTICS OF BHARATHAPUZHA RIVER FROM PALLIPURAM TO PURATHUR REACH USING GIS AND RS (Record no. 17591)

MARC details
000 -LEADER
fixed length control field 00552nam a22001457a 4500
003 - CONTROL NUMBER IDENTIFIER
control field OSt
082 ## - DEWEY DECIMAL CLASSIFICATION NUMBER
Classification number 630
088 ## - REPORT NUMBER
Report number P557
100 ## - MAIN ENTRY--AUTHOR NAME
Personal name SHADIYA, ABOOBACKER . P ,
-- VYSHNA, K.P
-- KAUSHIK GHATAK
-- SUBASH, BAIRAWA
245 ## - TITLE STATEMENT
Title ASSESMENT OF CHANNEL MIGRATION CHARACTERISTICS OF BHARATHAPUZHA RIVER FROM PALLIPURAM TO PURATHUR REACH USING GIS AND RS
260 ## - PUBLICATION, DISTRIBUTION, ETC. (IMPRINT)
Place of publication Thavanur
Year of publication 2022
700 ## - ADDED ENTRY--PERSONAL NAME
Personal name Er. PRIYA, G. NAIR (Guide)
700 ## - ADDED ENTRY--PERSONAL NAME
Personal name Er. ARDRA, WILSON (Co-Guide)
942 ## - ADDED ENTRY ELEMENTS (KOHA)
Koha item type Project Report
260 ## - PUBLICATION, DISTRIBUTION, ETC. (IMPRINT)
-- Kelappaji College of Agricultural Engineering and Technology
Holdings
Collection code Home library Current library Shelving location Full call number Accession Number Koha item type
Reference KAUAET KAUAET Reference1 630 P557 Project Report
free website counter